00418nam a2200157 a 4500020001800000082002000018100001700038245004100055260004400096300001000140500003500150505001000185650002400195650002400219700001700243 a0199657 00a291.030bBOW C1 aBowker, John aOxford Dictionary of World Religions aLondon bOxford University Press c1997 a1111p aincludes index and biblioraphy2 aIndex aReligion-Dictionary aDictionary-Religion1 aBowker, John